Hrad Fiľakovo (14.-17. stor.)

Bibliographic Details
Format: Postcard
Language:Slovak
PhysicalDescription:1 pohľadnica čiernobiela 11 x 15 cm
Published: Bratislava Vydavateľstvo politickej literatúry [s.a.]
Subjects:

MARC

LEADER 00000nkm a2200000 a 4500
001 vtls010688850
003 SK-MaSNL
005 20260512125115.0
007 kp bo
008 231206n xo g kuslo
015 |a SNBG 
035 |a D70CC9D1-E6D5-4D22-A8F9-F96BB3584501 
035 |a urn:nbn:sk:snk-kmxxu3 
035 |a urn:nbn:sk:snk-km0055f8 
040 |a SNK  |b slo  |c SNK  |e AACR2 
041 0 |a slo 
043 |a e-xo--- 
044 |a xo  |c SK 
080 |a 908(437.6)  |2 2001 
080 |a (084.121)  |2 2001 
245 0 0 |a Hrad Fiľakovo (14.-17. stor.)  |h grafika 
260 |a Bratislava  |b Vydavateľstvo politickej literatúry  |c [s.a.] 
300 |a 1 pohľadnica  |b čiernobiela  |c 11 x 15 cm 
610 2 7 |a Fiľakovský hrad (Slovensko)  |2 SNKKA  |9 169125 
648 7 |a 14. - 17. stor.  |2 SNKPH  |9 657962 
650 0 7 |a hrady  |2 SNKPH  |9 3039 
651 7 |a Fiľakovo (Slovensko)  |2 SNKPH  |9 30576 
655 7 |a miestne pohľadnice  |2 SNKPH  |9 70510 
852 |a Slovenská národná knižnica 
958 |a GC 
958 |a GBN 
958 |a OND 
999 |c 1015096  |d 1017026 
952 |a SNK  |b SNK  |y PREZ  |7 0  |p 17A1141113  |o snkSP 525  |0 0  |1 0  |4 0  |d 2015-06-26  |f 1  |l 0  |r 2026-02-24 13:05:55  |w 2026-02-24